| 000 | 00634nam a22001937a 4500 | ||
|---|---|---|---|
| 003 | 0 | ||
| 005 | 20240125095427.0 | ||
| 008 | 240125b xxu||||| |||| 00| 0 eng d | ||
| 020 | _a978-1-5297-7595-2 | ||
| 050 |
_aRB 113 _b.Es87 2022 |
||
| 245 | _aEssentials of pathophysiology for nursing practice | ||
| 250 | _a2nd edition | ||
| 260 |
_aLos Angeles _bSage Publications, Ltd. _cc2022. |
||
| 300 |
_avi, 737 pages : _bcolored illustrations ; _c25 cm. |
||
| 504 | _aIncludes bibliographical references, index, and glossary. | ||
| 650 | _aPhysiology, pathological--textbooks. | ||
| 650 | _aNursing--textbooks. | ||
| 942 |
_2lcc _cBK |
||
| 999 |
_c365894 _d365894 |
||